000 00488 a2200133 4500
082 _aMIT-2
100 _a Awais Hamid
_9106155
245 _aOptimization of Semantic Caching for XML Databases
_c Awais Hamid
260 _aIsalamabad,
_bNUST School of Electrical Engineering & Computer Science,
_c2005.
300 _a xi, 48 p. :
_b ill. ;
_c27 cm.
500 _aSupervisor : Dr. Sharifullah Khan.
856 _uhttp://10.250.8.41:8080/xmlui/handle/123456789/31911
942 _cPR
_kMIT-2 AWA
_2ddc
999 _c9262
_d9262